LEADER 01087nam0-22003611i-450- 001 990001600330403321 005 20111201185215.0 035 $a000160033 035 $aFED01000160033 035 $a(Aleph)000160033FED01 035 $a000160033 100 $a20111201d1971----km-y0itay50------ba 101 0 $aita 102 $aIT 200 1 $aKornlinger$eun modello di agricoltura a gestione associata e lavoro diviso$fErnst Andreas Friedrich 210 $aBologna$cEdagricole$d1971 215 $a86 p.$d19 cm 225 1 $aUniversale Edagricole$v68 300 $a[Trad. di : Kornlingen, ein Modell moderner Landwirtschaft, 1970] 610 0 $aCooperazione agricola 610 0 $aImprese agricole$aGestione 676 $a334.683 700 1$aFriedrich,$bErnst Andreas$067900 801 0$aIT$bUNINA$gRICA$2UNIMARC 901 $aBK 912 $a990001600330403321 952 $a60 045 C 1/68A$b45663$fFAGBC 952 $a60 045 C 1/68$b42498$fFAGBC 952 $aH/1.13 FRI$b4566/I$fSES 959 $aFAGBC 959 $aSES 996 $aKornlinger$9376561 997 $aUNINA LEADER 05274nam 2200733 a 450 001 9910956129703321 005 20200520144314.0 010 $a9786611897642 010 $a9781446230282 010 $a1446230287 010 $a9781281897640 010 $a1281897647 010 $a9781849209311 010 $a1849209316 010 $a9781848608665 010 $a1848608667 035 $a(CKB)1000000000556259 035 $a(EBL)370507 035 $a(OCoLC)476205712 035 $a(SSID)ssj0000181999 035 $a(PQKBManifestationID)12055466 035 $a(PQKBTitleCode)TC0000181999 035 $a(PQKBWorkID)10166399 035 $a(PQKB)10527821 035 $a(MiAaPQ)EBC370507 035 $a(OCoLC)313782718 035 $a(StDuBDS)EDZ0000018592 035 $a(PPN)227910664 035 $a(FR-PaCSA)88869294 035 $a(FRCYB88869294)88869294 035 $a(EXLCZ)991000000000556259 100 $a20020926d2002 uy 0 101 0 $aeng 135 $aur||||||||||| 181 $ctxt$2rdacontent 182 $cc$2rdamedia 183 $acr$2rdacarrier 200 10$aInterpreting quantitative data /$fDavid Byrne 205 $a1st ed. 210 $aLondon ;$aThousand Oaks, Calif. $cSAGE$d2002 215 $a1 online resource (x, 176 p.) $cill 300 $aDescription based upon print version of record. 311 0 $a9780761962618 311 0 $a0761962611 311 0 $a9780761962625 311 0 $a076196262X 320 $aIncludes bibliographical references (p. [166]-170) and index. 327 $aMachine generated contents note: Introduction 1 -- 1 Interpreting the Real and Describing the Complex: -- Why We Have to Measure 12 -- Positivism, realism and complexity 14 -- Naturalism - a soft foundationalist argument 17 -- There are no universals but, nevertheless, we can know 19 -- Models and measures: a first pass 21 -- Contingency and method - retroduction and retrodiction 25 -- Conclusion 27 -- 2 The Nature of Measurement: What We Measure and -- How We Measure 29 -- Death to the variable 29 -- State space 32 -- Classification 34 -- Sensible and useful measuring 37 -- Conclusion 41 -- 3 The State's Measurements: The Construction and -- Use of Official Statistics 44 -- The history of statistics as measures 45 -- Official and semi-official statistics 49 -- Social indicators 52 -- Tracing individuals 56 -- Secondary data analysis 57 -- Sources 57 -- Conclusion 58 -- 4 Measuring the Complex World: The Character of Social Surveys 61 -- Knowledge production - the survey as process 63 -- Models from surveys - beyond the flowgraph? 66 -- Representative before random - sampling in the real world 72 -- Conclusion 77 -- 5 Probability and Quantitative Reasoning 79 -- Objective probability versus the science of clues 80 -- Single case probabilities - back to the specific 84 -- Gold standard - or dross? 84 -- Understanding Head Start 88 -- Probabilistic reasoning in relation to non-experimental data 90 -- Randomness, probability, significance and investigation 92 -- Conclusion 93 -- 6 Interpreting Measurements: Exploring, Describing and Classifying 95 -- Basic exploration and description 96 -- Making sets of categories - taxonomy as social exploration 99 -- Can classifying help us to sort out causal processes? 105 -- Conclusion 110 -- 7 Linear Modelling: Clues as to Causes 112 -- Statistical models 113 -- Flowgraphs: partial correlation and path analysis 116 -- Working with latent variables - making things out of things -- that don't exist anyhow 117 -- Multi-level models 120 -- Statistical black boxes - Markov chains as an example 122 -- Loglinear techniques - exploring for interaction 123 -- Conclusion 128 -- 8 Coping with Non-linearity and Emergence: Simulation and -- Neural Nets 130 -- Simulation - interpreting through virtual worlds 131 -- Micro-simulation - projecting on the basis of aggregation 133 -- Multi-agent models - interacting entities 135 -- Neural nets are not models but inductive empiricists 139 -- Models as icons, which are also tools 141 -- Using the tools 142 -- Conclusion 143 -- 9 Qualitative Modelling: Issues of Meaning and Cause 145 -- From analytic induction through grounded theory to computer -- modelling - qualitative exploration of cause 147 -- Coding qualitative materials 150 -- Qualitative Comparative Analysis (QCA) - a Boolean approach 154 -- Iconic modelling 157 -- Integrative method 159 -- Conclusion 160 -- Conclusion 162 -- Down with: 162 -- Up with: 163 -- Action theories imply action164. 330 8 $a'Interpreting Quantitative Data' offers students a guide on how to interpret the complex reality of the social world, achieve effective measurement, understand the use of official statistics, use social surveys and apply linear modelling. 606 $aResearch 606 $aMethodology 606 $aSocial sciences$xStatistical methods 615 0$aResearch. 615 0$aMethodology. 615 0$aSocial sciences$xStatistical methods. 676 $a300.72 700 $aByrne$b D. S$g(David S.),$f1947-$01616462 801 0$bMiAaPQ 801 1$bMiAaPQ 801 2$bMiAaPQ 906 $aBOOK 912 $a9910956129703321 996 $aInterpreting quantitative data$94341536 997 $aUNINA LEADER 02190oas 2200793 a 450 001 9910144364403321 005 20251105213014.0 011 $a2327-7459 035 $a(DE-599)ZDB2480780-1 035 $a(OCoLC)299097523 035 $a(CONSER) 2009235059 035 $a(CKB)991042729498340 035 $a(EXLCZ)99991042729498340 100 $a20090122b19501959 uy a 101 0 $aeng 135 $aur||||||||||| 181 $ctxt$2rdacontent 182 $cc$2rdamedia 183 $acr$2rdacarrier 200 00$aSewage and industrial wastes $ethe journal of the Federation of Sewage Works Associations 210 $aChampaign, Ill. $cFederation of Sewage Works Associations$d1950-1959 300 $aIssued by the Federation of Sewage Works Associations, Jan.-Oct. 1950; by the Federation of Sewage and Industrial Wastes Associations, Nov. 1950-1959. 311 08$a0096-364X 606 $aSewerage$vPeriodicals 606 $aSewage$vPeriodicals 606 $aSewage$2fast$3(OCoLC)fst01113736 606 $aSewerage$2fast$3(OCoLC)fst01114083 606 $aE?gouts$vPe?riodiques 606 $aEaux use?es$vPe?riodiques 608 $aPeriodicals.$2fast 608 $aPeriodicals.$2lcgft 608 $aperiodicals.$2aat 608 $aPe?riodiques.$2rvmgf 615 0$aSewerage 615 0$aSewage 615 7$aSewage. 615 7$aSewerage. 615 6$aE?gouts 615 6$aEaux use?es 676 $a628.205 712 02$aFederation of Sewage Works Associations 712 02$aFederation of Sewage and Industrial Wastes Associations 801 0$bEYM 801 1$bEYM 801 2$bHUL 801 2$bGWDNB 801 2$bOCLCQ 801 2$bGBVCP 801 2$bOCLCQ 801 2$bDLC 801 2$bOCLCF 801 2$bOCLCQ 801 2$bDEBBG 801 2$bGILDS 801 2$bOCLCO 801 2$bAUD 801 2$bAU@ 801 2$bOCLCQ 801 2$bU3W 801 2$bOCLCQ 801 2$bOCLCL 801 2$bBRL 801 2$bSFB 801 2$bSRU 801 2$bQGK 906 $aJOURNAL 912 $a9910144364403321 996 $aSewage and industrial wastes$9788696 997 $aUNINA